| 000 | 00864nam a2200217Ia 4500 | ||
|---|---|---|---|
| 003 | OSt | ||
| 005 | 20250702135420.0 | ||
| 008 | 191128t2015 ck er 000 f spa d | ||
| 020 | _a9789588898261 | ||
| 040 |
_aCO-JMCR _cCO-JMCR |
||
| 041 | _aspa | ||
| 082 | 0 | 4 |
_aA-P _bPOEp |
| 245 | 1 | 0 | _a50 poemas de amor colombianos / |
| 250 | _aPrimera edición | ||
| 260 |
_aBogotá : _bAlcaldía Mayor de Bogotá; Instituto Distrital de las Artes (IDARTES), _c©2015 |
||
| 300 |
_a94 páginas : _c17 cm. |
||
| 490 | _aLibro al viento | ||
| 505 | _aLa pareja de piedra--Afecto 45: deliquios del verdadero amor--Anacreótica--A solas--Nocturno--Tú no sabes amar--Esfinge--Serenata--Lo que dice la flor--Elegía del marino ilusorio--La manzana del edén--Difusión--Ritornelo--Seremos tristes--Soneto del nuevo | ||
| 650 | 1 | 4 |
_aPoesía colombiana _99436 |
| 942 |
_2ddc _cBK |
||
| 999 |
_c3315 _d3315 |
||